It looks like you're offline.
Open Library logo
additional options menu

MARC record from Internet Archive

LEADER: 03114cam 2200481 a 4500
001 ocn785414590
003 OCoLC
005 20220125134721.0
008 120411s2011 xxka 000 j eng d
040 $aIEB$beng$cIEB$dIH9$dYDXCP$dUKMGB$dOCLCF$dHOT$dOCLCQ$dNZAUC$dOCLCO$dOCL$dOCLCQ
015 $aGBB273733$2bnb
016 7 $a015968596$2Uk
020 $a9781908125040
020 $a1908125047
020 $a9781908125057
020 $a1908125055
035 $a(OCoLC)785414590
082 04 $a823.92$222
100 1 $aAllan, Nina.
245 14 $aThe silver wind :$bfour stories of time disrupted /$cNina Allan ; [illustrated by David Rix].
260 $a[United Kingdom] :$bEibonvale,$c2011.
300 $a151 pages :$billustrations ;$c24 cm
336 $atext$btxt$2rdacontent
337 $aunmediated$bn$2rdamedia
338 $avolume$bnc$2rdacarrier
505 0 $aTime's chariot -- My brother's keeper -- The silver wind -- Rewind -- Timelines: an afterword.
520 $aMartin Newland is fascinated by the nature of time. Watches and clocks are for him metaphorical time machines, a secret means of coming to terms with his clouded past and voyaging forward into the future. But was his first timepiece a Smith, given to him on his fourteenth birthday, or the Longines he received as a present four years later? Was it the small brass travelling clock unearthed in a run-down house for which he is to act as estate agent? Who is the maker of these time machines? Clues abound but contradict each other: was it an ex-seaside circus performer, or a 'miracle dwarf' engaged in a government project to subvert the course of time into parallel realities? As Martin pursues these mysteries, is he haunted by the spirit of his dead brother, or by the death of his beloved sister? The answer to all these questions is yes. A complication is the description a watch-maker gives to any extra feature added to a clock or watch that goes beyond the simple display of time, and The Silver Wind is a book of complications. Nina Allan has constructed a remarkable and original narrative in which five separate segments of story interlock and interweave like the perfectly honed cogs of a watch mechanism. Time, memory, love, hope and regret all complicate Martin's quest for the truth. In the implied spaces and overlaps between these five moments in time the reader is granted a mysteriously enriching vision of the everyday world.
650 0 $aClocks and watches$vFiction.
650 7 $aClocks and watches.$2fast$0(OCoLC)fst00864521
655 7 $aShort stories.$2fast$0(OCoLC)fst01726740
655 7 $aFantasy fiction.$2fast$0(OCoLC)fst01726607
655 7 $aFiction.$2fast$0(OCoLC)fst01423787
655 7 $aFantasy fiction.$2gsafd
655 7 $aScience fiction.$2gsafd
655 7 $aShort stories.$2gsafd
655 7 $aFantasy fiction.$2lcgft
655 7 $aShort stories.$2lcgft
700 1 $aRix, David.$4ill
938 $aYBP Library Services$bYANK$n7121294
029 1 $aNZ1$b14281763
029 1 $aUKMGB$b015968596
994 $aZ0$bP4A
948 $hNO HOLDINGS IN P4A - 22 OTHER HOLDINGS